LEADER 01131nas 2200409 c 450 001 9910894792803321 005 20260218113022.0 035 $a(CKB)3790000000118782 035 $a(DE-599)ZDB2562837-9 035 $a(OCoLC)785846559 035 $a(DE-101)1004260156 035 $a(DE-599)2562837-9 035 $a(EXLCZ)993790000000118782 100 $a20100708b19291933 |y | 101 0 $afre 135 $aur||||||||||| 181 $ctxt$2rdacontent 182 $cc$2rdamedia 183 $acr$2rdacarrier 200 10$aITF$eorgane de la Fe?de?ration Internationale des Ouvriers du Transport$h[...]$i[Franzo?sische Ausgabe] 210 31$aAmsterdam$d1929-1933 215 $aOnline-Ressource 517 1 $aITF / Franzo?sische Ausgabe 517 3 $aZeitschriften der Internationalen Transportarbeiterfo?deration 608 $aZeitschrift$2gnd-content 676 $a070 676 $a330 676 $a360 676 $a380 686 $a3,61$2ssgn 801 0$b3238 801 1$bDE-101 801 2$b9999 906 $aJOURNAL 912 $a9910894792803321 996 $aITF$94235223 997 $aUNINA